Combien de ville de la Seine et Marne (77) connais-tu ? - Statistiques

Statistiques générales
  • Ce quiz a été pris 71 fois
  • Le résultat moyen est 30 sur 507
Statistiques - réponses
Code postal Ville % Correct
77337 Meaux
88%
77010 Melun
77%
77200 Torcy
67%
77300 Fontainebleau
65%
77500 Chelles
60%
77315 Champs-sur-Marne
46%
77700 Chessy
46%
77405 Lagny-sur-Marne
46%
77605 Lognes
44%
77186 Noisiel
44%
77340 Pontault-Combault
44%
77605 Bussy-Saint-Georges
40%
77160 Provins
38%
77330 Ozoir-la-Ferrière
37%
77176 Savigny-le-Temple
37%
77700 Serris
37%
77190 Dammarie-les-Lys
35%
77350 Le Mée-sur-Seine
35%
77527 Coulommiers
33%
77260 La Ferté-sous-Jouarre
33%
77127 Lieusaint
33%
77170 Brie-Comte-Robert
31%
77130 Montereau-Fault-Yonne
31%
77140 Nemours
31%
77270 Villeparisis
31%
77210 Avon
29%
77360 Vaires-sur-Marne
29%
77680 Roissy-en-Brie
27%
77245 Cesson
25%
77220 Tournan-en-Brie
25%
77590 Bois-le-Roi
23%
77410 Claye-Souilly
23%
77300 Combs-la-Ville
23%
77184 Émerainville
23%
77220 Gretz-Armainvilliers
23%
77605 Mitry-Mory
23%
77370 Nangis
23%
77450 Esbly
21%
77150 Lésigny
21%
77550 Moissy-Cramayel
21%
77580 Crécy-la-Chapelle
19%
77230 Dammartin-en-Goële
19%
77450 Jablines
19%
77400 Thorigny-sur-Marne
19%
77610 Fontenay-Trésigny
17%
77400 Saint-Thibault-des-Vignes
17%
77630 Barbizon
15%
77640 Jouarre
15%
77144 Montévrain
15%
77176 Nandy
15%
77100 Nanteuil-lès-Meaux
15%
77240 Vert-Saint-Denis
15%
77181 Courtry
13%
77390 Guignes
13%
77320 La Ferté-Gaucher
13%
77720 Mormant
13%
77400 Pomponne
13%
77167 Bagneaux-sur-Loing
12%
77600 Bussy-Saint-Martin
12%
77430 Champagne-sur-Seine
12%
77090 Collégien
12%
77700 Coupvray
12%
77183 Croissy-Beaubourg
12%
77520 Donnemarie-Dontilly
12%
77100 Mareuil-lès-Meaux
12%
77450 Montry
12%
77120 Mouroux
12%
77310 Pringy
12%
77558 Réau
12%
77540 Rozay-en-Brie
12%
77810 Thomery
12%
77000 Vaux-le-Pénil
12%
77390 Verneuil-l'Étang
12%
77190 Villiers-en-Bière
12%
77700 Bailly-Romainvilliers
10%
77720 Bombon
10%
77780 Bourron-Marlotte
10%
77177 Brou-sur-Chantereine
10%
77390 Chaumes-en-Brie
10%
77124 Crégy-lès-Meaux
10%
77310 Saint-Fargeau-Ponthierry
10%
77178 Saint-Pathus
10%
77140 Saint-Pierre-lès-Nemours
10%
77170 Servon
10%
77570 Souppes-sur-Loing
10%
77470 Trilport
10%
77760 Ury
10%
77760 Achères-la-Forêt
8%
77410 Annet-sur-Marne
8%
77480 Bray-sur-Seine
8%
77930 Chailly-en-Bière
8%
77600 Chanteloup-en-Brie
8%
77590 Chartrettes
8%
77173 Chevry-Cossigny
8%
77400 Dampmart
8%
77620 Égreville
8%
77164 Ferrières-en-Brie
8%
77590 Fontaine-le-Port
8%
77600 Guermantes
8%
77850 Héricy
8%
77600 Jossigny
8%
77970 Jouy-le-Châtel
8%
77760 La Chapelle-la-Reine
8%
77760 Larchant
8%
77181 Le Pin
8%
77440 Lizy-sur-Ourcq
8%
77610 Marles-en-Brie
8%
77250 Moret-Loing-et-Orvanne
8%
77140 Nonville
8%
77280 Othis
8%
77515 Pommeuse
8%
77510 Rebais
8%
77950 Rubelles
8%
77910 Varreddes
8%
77870 Vulaines-sur-Seine
8%
77115 Blandy
6%
77760 Buthiers
6%
77130 Cannes-Écluse
6%
77160 Chalautre-la-Petite
6%
77570 Château-Landon
6%
77860 Couilly-Pont-aux-Dames
6%
77610 Crèvecœur-en-Brie
6%
77163 Dammartin-sur-Tigeaux
6%
77515 Faremoutiers
6%
77133 Féricy
6%
77930 Fleury-en-Bière
6%
77400 Gouvernes
6%
77580 Guérard
6%
77515 La Celle-sur-Morin
6%
77610 La Houssaye-en-Brie
6%
77000 La Rochette
6%
77820 Le Châtelet-en-Brie
6%
77450 Lesches
6%
77000 Livry-sur-Seine
6%
77650 Longueville
6%
77700 Magny-le-Hongre
6%
77950 Maincy
6%
77440 Mary-sur-Marne
6%
77690 Montigny-sur-Loing
6%
77163 Mortcerf
6%
77930 Perthes
6%
77135 Pontcarré
6%
77370 Rampillon
6%
77750 Saint-Cyr-sur-Morin
6%
77660 Saint-Jean-les-Deux-Jumeaux
6%
77670 Saint-Mammès
6%
77210 Samoreau
6%
77240 Seine-Port
6%
77171 Sourdun
6%
77370 Vieux-Champagne
6%
77250 Villecerf
6%
77580 Villiers-sur-Morin
6%
77760 Amponville
4%
77630 Arbonne-la-Forêt
4%
77480 Baby
4%
77390 Beauvoir
4%
77320 Beton-Bazoches
4%
77350 Boissise-la-Bertrand
4%
77310 Boissise-le-Roi
4%
77169 Boissy-le-Châtel
4%
77930 Cély
4%
77171 Chalautre-la-Grande
4%
77144 Chalifert
4%
77370 Châteaubleau
4%
77610 Châtres
4%
77320 Choisy-en-Brie
4%
77370 Clos-Fontaine
4%
77440 Congis-sur-Thérouanne
4%
77170 Coubert
4%
77390 Crisenoy
4%
77840 Crouy-sur-Ourcq
4%
77140 Darvault
4%
77130 Dormelles
4%
77940 Esmans
4%
77167 Faÿ-lès-Nemours
4%
77150 Férolles-Attilly
4%
77370 Fontenailles
4%
77760 Fromont
4%
77910 Germigny-l'Évêque
4%
77120 Giremoutiers
4%
77114 Gouaix
4%
77410 Gressy
4%
77880 Grez-sur-Loing
4%
77114 Hermé
4%
77440 Isles-les-Meldeuses
4%
77320 Jouy-sur-Morin
4%
77650 Jutigny
4%
77130 La Grande-Paroisse
4%
77570 La Madeleine-sur-Loing
4%
77123 Le Vaudoué
4%
77133 Machault
4%
77580 Maisoncelles-en-Brie
4%
77120 Marolles-en-Brie
4%
77120 Mauperthuis
4%
77950 Moisenay
4%
77950 Montereau-sur-le-Jard
4%
77122 Monthyon
4%
77710 Nanteau-sur-Lunain
4%
77123 Noisy-sur-École
4%
77970 Pécy
4%
77470 Poincy
4%
77220 Presles-en-Brie
4%
77860 Quincy-Voisins
4%
77730 Saâcy-sur-Marne
4%
77515 Saint-Augustin
4%
77510 Saint-Denis-lès-Rebais
4%
77950 Saint-Germain-Laxis
4%
77860 Saint-Germain-sur-Morin
4%
77630 Saint-Martin-en-Bière
4%
77260 Sammeron
4%
77920 Samois-sur-Seine
4%
77650 Savins
4%
77260 Sept-Sorts
4%
77115 Sivry-Courtry
4%
77111 Soignolles-en-Brie
4%
77111 Solers
4%
77123 Tousson
4%
77130 Varennes-sur-Seine
4%
77670 Vernou-la-Celle-sur-Seine
4%
77250 Villemer
4%
77174 Villeneuve-le-Comte
4%
77124 Villenoy
4%
77760 Villiers-sous-Grez
4%
77120 Amillis
2%
77390 Andrezel
2%
77390 Argentières
2%
77720 Aubepierre-Ozouer-le-Repos
2%
77570 Aufferville
2%
77120 Aulnoy
2%
77910 Barcy
2%
77750 Bassevelle
2%
77890 Beaumont-du-Gâtinais
2%
77510 Bellot
2%
77540 Bernay-Vilbert
2%
77350 Boissettes
2%
77760 Boissy-aux-Cailles
2%
77570 Bougligny
2%
77580 Bouleurs
2%
77620 Bransles
2%
77720 Bréau
2%
77750 Bussières
2%
77120 Chailly-en-Brie
2%
77910 Chambry
2%
77390 Champdeuil
2%
77720 Champeaux
2%
77660 Changis-sur-Marne
2%
77320 Chartronges
2%
77124 Chauconin-Neufmontiers
2%
77169 Chauffry
2%
77760 Chevrainvilliers
2%
77320 Chevru
2%
77600 Conches-sur-Gondoire
2%
77450 Condé-Sainte-Libiaire
2%
77580 Coulommes
2%
77540 Courpalay
2%
77390 Courquetaine
2%
77390 Courtomer
2%
77580 Coutevroult
2%
77320 Dagny
2%
77830 Échouboulains
2%
77126 Égligny
2%
77139 Étrépilly
2%
77157 Everly
2%
77166 Évry-Grégy-sur-Yerre
2%
77940 Flagy
2%
77410 Fresnes-sur-Marne
2%
77470 Fublaines
2%
77370 Gastins
2%
77890 Gironville
2%
77166 Grisy-Suisnes
2%
77515 Hautefeuille
2%
77890 Ichy
2%
77165 Iverny
2%
77480 Jaulnes
2%
77230 Juilly
2%
77540 La Chapelle-Iger
2%
77370 La Chapelle-Rablais
2%
77690 La Genevraye
2%
77130 La Tombe
2%
77320 Lescherolles
2%
77820 Les Écrennes
2%
77320 Leudon-en-Brie
2%
77550 Limoges-Fourches
2%
77220 Liverdy-en-Brie
2%
77230 Longperrier
2%
77710 Lorrez-le-Bocage-Préaux
2%
77540 Lumigny-Nesles-Ormeaux
2%
77138 Luzancy
2%
77730 Méry-sur-Marne
2%
77410 Messy
2%
77570 Mondreville
2%
77470 Montceaux-lès-Meaux
2%
77520 Montigny-Lencoup
2%
77940 Montmachoux
2%
77230 Moussy-le-Neuf
2%
77230 Moussy-le-Vieux
2%
77940 Noisy-Rudignon
2%
77440 Ocquerre
2%
77167 Ormesson
2%
77390 Ozouer-le-Voulgis
2%
77830 Pamfou
2%
77124 Penchard
2%
77131 Pézarches
2%
77580 Pierre-Levée
2%
77167 Poligny
2%
77720 Quiers
2%
77760 Recloses
2%
77260 Reuil-en-Brie
2%
77510 Sablonnières
2%
77320 Saint-Barthélemy
2%
77160 Saint-Brice
2%
77320 Saint-Martin-des-Champs
2%
77750 Saint-Ouen-sur-Morin
2%
77320 Saint-Rémy-la-Vanne
2%
77930 Saint-Sauveur-sur-École
2%
77169 Saint-Siméon
2%
77165 Saint-Soupplets
2%
77580 Sancy
2%
77520 Sigy
2%
77650 Soisy-Bouy
2%
77940 Thoury-Férottes
2%
77131 Touquin
2%
77450 Trilbardou
2%
77260 Ussy-sur-Marne
2%
77141 Vaudoy-en-Brie
2%
77710 Vaux-sur-Lunain
2%
77510 Verdelot
2%
77710 Villemaréchal
2%
77174 Villeneuve-Saint-Denis
2%
77230 Villeneuve-sous-Dammartin
2%
77510 Villeneuve-sur-Bellot
2%
77130 Ville-Saint-Jacques
2%
77410 Villevaudé
2%
77560 Villiers-Saint-Georges
2%
77114 Villiers-sur-Seine
2%
77940 Voulx
2%
77160 Vulaines-lès-Provins
2%
77390 Yèbles
2%
77440 Armentières-en-Brie
0%
77890 Arville
0%
77560 Augers-en-Brie
0%
77118 Balloy
0%
77970 Bannost-Villegagnon
0%
77480 Barbey
0%
77118 Bazoches-lès-Bray
0%
77560 Beauchery-Saint-Martin
0%
77120 Beautheil-Saints
0%
77970 Bezalles
0%
77940 Blennes
0%
77970 Boisdon
0%
77750 Boitron
0%
77760 Boulancourt
0%
77470 Boutigny
0%
77760 Burcy
0%
77400 Carnetin
0%
77320 Cerneux
0%
77520 Cessoy-en-Montois
0%
77460 Chaintreaux
0%
77650 Chalmaison
0%
77260 Chamigny
0%
77560 Champcenest
0%
77410 Charmentray
0%
77410 Charny
0%
77126 Châtenay-sur-Seine
0%
77167 Châtenoy
0%
77820 Châtillon-la-Borde
0%
77160 Chenoise-Cucharmoy
0%
77570 Chenou
0%
77710 Chevry-en-Sereine
0%
77730 Citry
0%
77440 Cocherel
0%
77290 Compans
0%
77840 Coulombs-en-Valois
0%
77126 Courcelles-en-Bassée
0%
77560 Courchamp
0%
77560 Courtacon
0%
77154 Coutençon
0%
77165 Cuisy
0%
77440 Dhuisy
0%
77940 Diant
0%
77510 Doue
0%
77139 Douy-la-Ramée
0%
77220 Favières
0%
77480 Fontaine-Fourches
0%
77370 Fontains
0%
77165 Forfry
0%
77130 Forges
0%
77390 Fouju
0%
77320 Frétoy
0%
77890 Garentreville
0%
77840 Germigny-sous-Coulombs
0%
77165 Gesvres-le-Chapitre
0%
77720 Grandpuits-Bailly-Carrois
0%
77118 Gravon
0%
77480 Grisy-sur-Seine
0%
77760 Guercheville
0%
77520 Gurcy-le-Châtel
0%
77510 Hondevilliers
0%
77450 Isles-lès-Villenoy
0%
77440 Jaignes
0%
77940 La Brosse-Montceaux
0%
77720 La Chapelle-Gauthier
0%
77320 La Chapelle-Moutils
0%
77160 La Chapelle-Saint-Sulpice
0%
77370 La Croix-en-Brie
0%
77580 La Haute-Maison
0%
77510 La Trétoire
0%
77148 Laval-en-Brie
0%
77171 Léchelle
0%
77990 Le Mesnil-Amelot
0%
77165 Le Plessis-aux-Bois
0%
77540 Le Plessis-Feu-Aussoux
0%
77165 Le Plessis-l'Évêque
0%
77440 Le Plessis-Placy
0%
77610 Les Chapelles-Bourbon
0%
77560 Les Marêts
0%
77134 Les Ormes-sur-Voulzie
0%
77550 Lissy
0%
77650 Lizines
0%
77560 Louan-Villegruis-Fontaine
0%
77520 Luisetaines
0%
77570 Maisoncelles-en-Gâtinais
0%
77370 Maison-Rouge
0%
77230 Marchémoret
0%
77139 Marcilly
0%
77130 Marolles-sur-Seine
0%
77990 Mauregard
0%
77145 May-en-Multien
0%
77520 Meigneux
0%
77320 Meilleray
0%
77171 Melz-sur-Seine
0%
77130 Misy-sur-Yonne
0%
77520 Mons-en-Montois
0%
77151 Montceaux-lès-Provins
0%
77140 Montcourt-Fromonville
0%
77320 Montdauphin
0%
77320 Montenils
0%
77230 Montgé-en-Goële
0%
77480 Montigny-le-Guesdier
0%
77320 Montolivet
0%
77160 Mortery
0%
77480 Mousseaux-lès-Bray
0%
77480 Mouy-sur-Seine
0%
77760 Nanteau-sur-Essonne
0%
77730 Nanteuil-sur-Marne
0%
77230 Nantouillet
0%
77610 Neufmoutiers-en-Brie
0%
77114 Noyen-sur-Seine
0%
77890 Obsonville
0%
77178 Oissery
0%
77750 Orly-sur-Morin
0%
77710 Paley
0%
77520 Paroy
0%
77480 Passy-sur-Seine
0%
77160 Poigny
0%
77410 Précy-sur-Marne
0%
77139 Puisieux
0%
77710 Remauville
0%
77160 Rouilly
0%
77230 Rouvres
0%
77760 Rumont
0%
77560 Rupéreux
0%
77260 Sainte-Aulde
0%
77650 Sainte-Colombe
0%
77470 Saint-Fiacre
0%
77130 Saint-Germain-Laval
0%
77169 Saint-Germain-sous-Doue
0%
77930 Saint-Germain-sur-École
0%
77160 Saint-Hilliers
0%
77370 Saint-Just-en-Brie
0%
77510 Saint-Léger
0%
77650 Saint-Loup-de-Naud
0%
77230 Saint-Mard
0%
77320 Saint-Mars-Vieux-Maisons
0%
77320 Saint-Martin-du-Boschet
0%
77720 Saint-Méry
0%
77410 Saint-Mesmes
0%
77720 Saint-Ouen-en-Brie
0%
77480 Saint-Sauveur-lès-Bray
0%
77148 Salins
0%
77320 Sancy-lès-Provins
0%
77640 Signy-Signets
0%
77520 Sognolles-en-Montois
0%
77440 Tancrou
0%
77520 Thénisy
0%
77230 Thieux
0%
77163 Tigeaux
0%
77710 Treuzy-Levelay
0%
77440 Trocy-en-Multien
0%
77830 Valence-en-Brie
0%
77370 Vanvillé
0%
77580 Vaucourtois
0%
77440 Vendrest
0%
77450 Vignely
0%
77710 Villebéon
0%
77470 Villemareuil
0%
77480 Villenauxe-la-Petite
0%
77154 Villeneuve-les-Bordes
0%
77410 Villeroy
0%
77480 Villuis
0%
77520 Vimpelles
0%
77230 Vinantes
0%
77139 Vincy-Manœuvre
0%
77540 Voinsles
0%
77950 Voisenon
0%
77580 Voulangis
0%
77560 Voulton
0%
Aucun quiz correspondant
Distribution des résultats
% des personnes avec chaque résultat
Percentile par nombre de réponses
Votre historique - résultats
Vous n’avez pas pris ce quiz